Sin hablar (Registro nro. 11404)

Detalles MARC
000 - LÍDER
campo de control de longitud fija 01010nam a22003017i 4500
003 - IDENTIFICADOR DE NÚMERO DE CONTROL
campo de control OSt
005 - FECHA Y HORA DE LA ÚLTIMA TRANSACCIÓN
campo de control 20210818181606.0
008 - ELEMENTOS DE DATOS DE LONGITUD FIJA - INFORMACIÓN GENERAL
campo de control de longitud fija 170328t2007 sp a cr 000 f spa d
020 ## - INTERNATIONAL STANDARD BOOK NUMBER
International Standard Book Number 9788444141008
040 ## - FUENTE DE CATALOGACIÓN
Lenguaje de catalogación spa
Agencia de catalogación original COMFC
Descripción convenciones rda
041 ## - CÓDIGO DE LENGUAJE
Código de idioma de texto / pista de sonido o título separado spa
082 04 - NÚMERO DE CLASIFICACIÓN DECIMAL DEWEY
Número de clasificación 808.899 282
Número de artículo C626s
100 1# - ENTRADA PRINCIPAL - NOMBRE PERSONAL
9 (RLIN) 50099
Nombre de la persona Clements, Andrew
Término del Relator aut
245 10 - TÍTULO DECLARACIÓN
Título Sin hablar
Declaración de responsabilidad Andrew Clements ; ilustrado por Mark Elliott ; traducción Alberto Jiménez Rioja
250 ## - DECLARACIÓN DE EDICIÓN
Sentencia de edición Tercera edición
264 01 - AVISO DE PRODUCCIÓN, PUBLICACIÓN, DISTRIBUCIÓN, FABRICACIÓN Y DERECHOS DE AUTOR
Lugar de producción León (España)
Nombre del productor Editorial Everest, S. A.
Fecha de producción 2007
300 ## - DESCRIPCIÓN FÍSICA
Alcance 152 páginas,
Otros datos físicos ilustraciones,
Dimensiones 20 cm
336 ## - TIPO DE CONTENIDO
Fuente rdacontent
Tipo de contenido txt
337 ## - TIPO DE MEDIO
Fuente rdamedia
Término del tipo de medio n
338 ## - TIPO DE PORTADOR
Fuente rdacarrier
Término del tipo de operador nc
490 ## - DECLARACIÓN EN SERIE
Estado de cuenta de la serie Leer es vivir
534 ## - NOTA DE VERSIÓN ORIGINAL
Declaración de título del original Título Original: No talking
650 #0 - ENTRADA DE SUJETO AÑADIDO - TÉRMINO TÓPICO
9 (RLIN) 50100
Término tópico o elemento de entrada del nombre geográfico Novela Infantil
650 #0 - ENTRADA DE SUJETO AÑADIDO - TÉRMINO TÓPICO
9 (RLIN) 21370
Término tópico o elemento de entrada del nombre geográfico Literatura Juvenil
700 1# - ENTRADA AGREGADA - NOMBRE PERSONAL
9 (RLIN) 50101
Nombre de la persona Elliott, Mark
Término del Relator ill
700 1# - ENTRADA AGREGADA - NOMBRE PERSONAL
9 (RLIN) 48893
Nombre de la persona Jiménez Rioja, Alberto
Término del Relator trl
942 ## - ELEMENTOS DE ENTRADA AGREGADOS (KOHA)
Fuente de clasificación o esquema de estanterías Dewey Decimal Classification
Parte de clasificación 808.899 282 C626s
Prefijo del número de llamada 808.899 282
Sufijo del número de llamada C626s
Existencias
Estado de retirada Pérdida de estatus Fuente de clasificación o esquema de estanterías Estado dañado No para préstamo Código de recogida Ubicación permanente Ubicación actual Ubicación de las estanterías Fecha de adquisición Total de Cajas Número Topográfico Código de barras Precio efectivo desde Número de copia Fecha de la última vez que se vio Tipo de artículo Koha Nota pública
    Dewey Decimal Classification     General Biblioteca Pública Departamental Comfamiliar Risaralda Biblioteca Pública Departamental Comfamiliar Risaralda Área General 28/03/2017   808.899 282 C626s 1000972 18/08/2021 Ej. 1 28/03/2017 Libro Novela Infantil